000 00357nam a2200145Ia 4500
008 210210b2005 xxu||||| |||| 00| 0 eng d
082 _a574.02 RAJB
100 _aRAJENDRA (K) and others.
245 _aBiology tutor CET Karnataka.
260 _aMangalore
_b
_c2005
300 _ax,m-176
650 _aCET
690 _aBiology Entrance
906 _a060793
999 _c107939
_d107939